Presidentes de la República de Colombia - Estadísticas

Estadísticas generales
  • Esta prueba ha sido intentada 555 veces
  • La puntuación promedio es 23 de 42
Estadísticas de respuestas
Hint Respuesta % Correcto
2022-2026 Gustavo Francisco Petro Urrego
99%
2002-2010 Álvaro Uribe Velez
98%
2018-2022 Iván Duque Márquez
96%
1938-1942 Eduardo Santos Montejo
95%
2010-2018 Juan Manuel Santos Calderón
95%
1998-2002 Andrés Pastrana Arango
91%
1970-1974 Misael Pastrana Borrero
90%
1990-1994 César Gaviria Trujillo
83%
1953-1957 Gustavo Rojas Pinilla
80%
1994-1998 Ernesto Samper Pizano
77%
1982-1986 Belisario Betancur Cuartas
74%
1986-1990 Virgilio Barco Vargas
72%
1934-1938 Alfonso López Pumarejo
71%
1942-1945 Alfonso López Pumarejo
71%
1978-1982 Julio César Turbay Ayala
66%
1974-1978 Alfonso López Michelsen
64%
1945-1946 Alberto Lleras Camargo
60%
1958-1962 Alberto Lleras Camargo
60%
1966-1970 Carlos Lleras Restrepo
60%
1946-1950 Mariano Ospina Pérez
56%
1950-1951 Laureano Gómez Castro
55%
1962-1966 Guillermo León Valencia
54%
1887-1888 Rafael Nuñez Moledo
54%
1892-1894 Rafael Nuñez Moledo
54%
1922-1926 Pedro Nel Ospina
53%
1930-1934 Enrique Olaya Herrera
45%
1957-1958 Junta Militar del Gobierno
39%
1918-1921 Marco Fidel Suárez
37%
1909-1910 Ramón González Valencia
37%
1926-1930 Miguel Abadía Méndez
34%
1904-1909 Rafael Reyes Prieto
33%
1951-1953 Roberto Urdaneta Arbelaez
32%
1894-1898 Miguel Antonio Caro
30%
1910-1914 Carlos Eugenio Restrepo
28%
1900-1904 José Manuel Marroquin
28%
1888-1892 Carlos Holguin Mallarino
27%
1909-1909 Jorge Holguin Mallarino
27%
1921-1922 Jorge Holguín Mallarino
27%
1898-1900 Manuel Antonio Sanclemente
26%
1914-1918 José Vicente Concha
23%
1887-1887 Eliseo Payán Hurtado
21%
1886-1887 José María Campo Serrano
18%
No se encontraron pruebas coincidentes
Distribución de puntuación
Porcentaje de gente con cada puntuación
Porcentaje por número respondido
Historial de tus puntuaciones
No has intentado esta prueba.